Švédsko a Dánsko s vlastnou menou

Hospodársky rast Veľkej Británie, Švédska a Dánska. Ekonomická situácia krajín eurozóny a ekonomiky, ktoré sa ocitli v recesii. Prehľad hospodárskeho rastu krajín, ktoré zaviedli euro a krajín, ktoré si uchovali národnú menu.

Saved in:
Bibliographic Details
Main Author: Lavička, Václav
Format: Book Chapter
Language:Slovak
Subjects:
Tags: Add Tag
No Tags, Be the first to tag this record!

MARC

LEADER 00000naa$a2200000$$$4500
001 0002464
005 20230925124058.1
041 0 |a slo 
044 |a SK 
245 1 0 |a Švédsko a Dánsko s vlastnou menou  |c aut. Václav Lavička 
520 |a Hospodársky rast Veľkej Británie, Švédska a Dánska. Ekonomická situácia krajín eurozóny a ekonomiky, ktoré sa ocitli v recesii. Prehľad hospodárskeho rastu krajín, ktoré zaviedli euro a krajín, ktoré si uchovali národnú menu. 
610 2 0 |a rast hospodársky 
610 2 0 |a situácia hospodárska 
610 2 0 |a euro 
610 2 0 |a Európska únia 
610 2 0 |a Švédsko 
610 2 0 |a Dánsko 
610 2 0 |a Veľká Británia 
610 2 0 |a politika menová 
610 2 0 |a financie verejné 
610 2 0 |a stabilita hospodárstva 
100 1 |a Lavička, Václav